000 00610nam a2200181Ia 4500
005 20260429112238.0
008 260429s9999||||xx |||||||||||||| ||und||
020 _a9788171198795
041 _aHindi
082 _a891.434
_bKAN
100 _aकांत, सुरेश
245 0 _aहिंदी गद्य लेखन में व्यंग्य और विचार /
_cसुरेश कांत
250 _a0
260 _aप्रयागराज :
_bराधाकृष्ण प्रकाशन,
_c2025.
300 _a382 p.; Hb
650 _aHindi essays
942 _cTB
999 _c53091
_d53091